1435 1428 1519 1399 1213 1388 1019 1568 1805 1046 1461 1903 1583 1228 1045 1308 1805 1639 1175 1800 1548 1856 1716 1091 1763 1909 1186 1175 1235 1678 1316 1760 1723 1444 1437 1286 1432 1552 1565 1668 1782 1552 1388 1736 1132 1903 1400 1569 1061 1020 1257 1483 1448 1837 1678 1341 1080 1427 1621 1091 1577 1201 1657 1099 1784 1217 1427 1729 1736 1889 1069 1874 1123 1619 1464 1497 1705 1017 1469 1080 1237 1293 2000 1539 1588 1148 1657 1808 1323 1524 1138 1828 1720 1204 1962 1441 1584 1863 1756 BCNSPRNW ULIB Ver.6.0+V

เปลี่ยนเป็นภาษาไทย

Change to English
 แสดงรายละเอียดบรรณานุกรม
  กลับหน้าหลัก

Brief Record : Get Marc (ISO 2709) : E-mail record : QR code < ปิดหน้าต่าง
LEADER : 00000nam 2200000uu 4500
001    13399114233
003     ULIB
008    120305s2553||||th 000 0 tha d
020    ^a9789746725040
060 04 ^aWY157.6^bม293ก
100 0  ^aมรรยาท ณ นคร
245 10 ^aการพยาบาลผู้ป่วยกระดูกหักที่ได้รับการยึดตรึงด้วยวัสดุภายในร่างกาย /^cมรรยาท ณ นคร
250    ^aพิมพ์ครั้งที่ 3
260    ^aเชียงใหม่ :^bโครงการตำรา คณะพยาบาลศาสตร์มหาวิทยาลัยเชียงใหม่,^c2553
300    ^aก-ณ, 138 หน้า :^bภาพประกอบ ;^c27 ซม.
650  7 ^aการตรึงกระดูกหัก
650  7 ^aกระดูกหัก^xการพยาบาล
650  7 ^aกระดูกหักแบบเปิด
650  7 ^aการพยาบาลออร์โธปิดิคส์
710 2  ^aมหาวิทยาลัยเชียงใหม่. ^bคณะพยาบาลศาสตร์
945    ^p200^l0^i26576
945    ^p200^l0^i18902
945    ^p200^l0^i18903
945    ^p200^l0^i17847
945    ^p200^l0^i17848
945    ^p200^l0^i17849
995    ^aกัณชพร
999    ^aใช้งานได้ทุกระบบ
รายการนี้ยังไม่มีแท็ก
คุณยังไม่ได้ล็อกอิน คุณสามารถมีกิจกรรมร่วมกับเว็บไซต์ได้ แต่ต้องล็อกอินก่อน ::
  ล็อกอิน

รายการสื่อสารสนเทศ

ลำดับที่ ประเภท เลขเรียก/บาร์โค้ด สถานที่ สถานะ
1. หนังสือสำรอง
หนังสือสำรอง
WY157.6 ม293ก  
  Barcode: 18902
ห้องสมุดวิทยาเขตนครสวรรค์
►ส่วนจัดเก็บหนังสือเก่า นว.
บนชั้น
  ขอยืม
2. วิทยาศาสตร์การแพทย์ และสุขภาพ
วิทยาศาสตร์การแพทย์ และสุขภาพ
WY157.6 ม293ก ฉ.2 
  Barcode: 18903
ห้องสมุดวิทยาเขตนครสวรรค์
►ส่วนจัดเก็บหนังสือเก่า นว.
บนชั้น
  ขอยืม
3. วิทยาศาสตร์การแพทย์ และสุขภาพ
วิทยาศาสตร์การแพทย์ และสุขภาพ
WY157.6 ม293ก ฉ.3 
  Barcode: 17847
ห้องสมุดวิทยาเขตนครสวรรค์
►ส่วนจัดเก็บหนังสือเก่า นว.
บนชั้น
  ขอยืม
4. วิทยาศาสตร์การแพทย์ และสุขภาพ
วิทยาศาสตร์การแพทย์ และสุขภาพ
WY157.6 ม293ก ฉ.4 
  Barcode: 17848
ห้องสมุดวิทยาเขตนครสวรรค์
►ส่วนจัดเก็บหนังสือเก่า นว.
บนชั้น
  ขอยืม
5. วิทยาศาสตร์การแพทย์ และสุขภาพ
วิทยาศาสตร์การแพทย์ และสุขภาพ
WY157.6 ม293ก ฉ.5 
  Barcode: 17849
ห้องสมุดวิทยาเขตนครสวรรค์
►ส่วนจัดเก็บหนังสือเก่า นว.
บนชั้น
  ขอยืม
6. วิทยาศาสตร์การแพทย์ และสุขภาพ
วิทยาศาสตร์การแพทย์ และสุขภาพ
WY157.6 ม293ก ฉ.6 
  Barcode: 26576
ห้องสมุดวิทยาเขตนครสวรรค์
►ส่วนจัดเก็บหนังสือเก่า นว.
บนชั้น
  ขอยืม

รายการใกล้เคียง
    ผู้แต่ง [มรรยาท ณ นคร]

    หัวเรื่อง [การตรึงกระดูกหัก]
    หัวเรื่อง [กระดูกหักแบบเปิด]
    หัวเรื่อง [การพยาบาลออร์โธปิดิคส์]

BibComment


ยังไม่เคยถูกคอมเมนท์

คอมเมนท์ทรัพยากรรายการนี้
  คอมเมนท์: การพยาบาลผู้ป่วย..


 Copyright 2026. Bcnsprnw @Library